00468nam a2200169 a 4500008004100000020001500041050001500056100002700071245005400098250001200152260003500164300001900199350000900218650001400227700002600241700003100267081209s1998 ||||||||||||||||| || u a0582302498 aTA 545 Ban aBannister, A. (Arthur)10aSurveying.cA. Bannister, S. Raymond and R. Baker a7th ed. aHarlow, EnglandbPearsonc1998 ax, 502p.: ill. a0.00 0aSURVEYING aRaymond, S. (Stanley) aBaker, R. (Raymond), 1956-